00433pab a2200133 454500008004000000100001900040245011100059260000900170300001500179362000800194650003800202650002700240773003200267180718b2010 xxu||||| |||| 00| 0 eng d aSharma, Manjit aGrowth and productivity trends in organised manufacturing sector of Punjab: A study of selected industries c2010 ap.379-396. aOct aPunjab - Manufacturing industries aManufacturing industry aIndian Journal of Economics